00680nam a22001697a 4500003000900000008004100009040007100050082002500121100002100146245014800167260007700315300002600392505005400418650001000472650001600482650001200498AR-CdUCM190403b ||||| |||| 00| 0 spa d aMUNICIPALIDAD PROVINCIAL DEL CUSCOcBIBLIOTECA MUNICIPAL DEL CUSCO a343.2 /bAR66 / 1893 aAranda, Ricardo, aLa constitución del Perú de 1860 con sus reformas hasta 1960 :bleyes orgánicas decretos, reglamentos y resoluciones referentes a ellas / aLima : Libr. e Impr. Gil, bImpr. de la H. cámara de diputados,c1893. a862 paginas ;c21 cm. aContenido : Constitución Política del Perú. aLeyes aArtículos aDecreto